| 000 | 00708nas a2200241 4500 | ||
|---|---|---|---|
| 001 | BR2017002984 | ||
| 003 | BR-BrBNA | ||
| 005 | 20231205131128.0 | ||
| 007 | ta | ||
| 008 | 230509b bl.|||p| |||| 00| 00por d | ||
| 040 |
_aBR-BrBNA _bpor _cBiblioteca Nacional de Agricultura |
||
| 041 | _a(Pt) | ||
| 072 | _aE70; Q04 | ||
| 100 | 1 | _aGuimarães, C. | |
| 245 | 1 | _aCabrito, a carne vermelha mais saudável do mundo | |
| 650 | _aCABRITO | ||
| 650 | _aCARNE | ||
| 650 | _aVAL0R NUTRITIVO | ||
| 650 | _aMERCADO | ||
| 773 | 0 |
_tRevista de Política Agrícola (Brazil) _xISSN 1413-4969 _g(Apr-Jun 2017), v. 26(2) p. 125-126 _wBR2017002984 |
|
| 909 |
_a202311 _bLúcia _c55 _dLúcia Elande |
||
| 942 |
_2AGRIS _n0 _cANA |
||
| 999 |
_c253168 _d253168 |
||